000 08661cam a22010094i 4500
003 PE-LiUPU
005 20250731173351.0
008 150706s2009 ck rb 000 0 spa d
020 _a9781575547374
035 _a(Sirsi) i9781575547374
040 _aPE-LiUPU
_bspa
_cPE-LiUPU
_erda
049 _aPRUA
050 _aBS1556
_b.C53 2009
082 0 4 _a286.73205
_bCA
_221
082 0 4 _a286.732
_bCA4
_221
082 0 4 _a286.732
_bE66 T4 2009
245 1 0 _aEntender las Sagradas Escrituras :
_bel enfoque adventista /
_cGeorge W Reid, editor.
264 1 _aBogotá :
_bAsociación Publicadora Interamericana,
_c2009.
300 _a450 páginas ;
_c24 centímetros.
336 _atext
_2rdacontent
337 _aunmediated
_2rdamedia
338 _avolume
_2rdacarrier
490 1 _aClásicos del Adventismo ;
_v4
504 _aIncluye notas bibliográficas.
505 0 _aAntecedentes históricos de la interpretación adventista de la Biblia -- La fe, la razón y el Espíritu Santo en la hermenéutica -- Presuposiciones en la interpretación -- Revelación e inspiración -- La autoridad de las Escrituras -- El texto y el canon de las Escrituras -- Pautas para la interpretación de las Escrituras -- Interpretación intrabíblica: lectura intertextual de las Escrituras -- Interpretación de las narraciones históricas del Antiguo Testamento -- Lectura de los Salmos y de la Literatura sapiencial -- Interpretación de la profecía del Antiguo Testamento -- Interpretación de los Evangelios y las Epístolas -- Interpretación de los símbolos, las alegorías y las parábolas de la Biblia -- La hermenéutica de la apocalíptica bíblica -- Hermenéutica y cultura -- Interpretación y aplicación de la ética bíblica -- Elena G. de White y la hermenéutica.
526 _aSEG42
526 _aSEG41
526 _aSEG40
526 _aSEG39
526 _aP94
526 _aP87
526 _aP86
526 _aP85
526 _aP77
526 _aP76
526 _aP35
541 _g001-0000488;
541 _g001-0000488;
541 _g001-0000504;
541 _g001-0000504;
541 _g4919118064961297;
541 _g001-0000601;
650 0 4 _aBiblia
_xCrítica interpretación, etc.
650 0 4 _aAdventistas del séptimo día
_vEnsayos.
700 1 _aReid, George W,
_eeditor.
910 _bjv
_cjvm
_d20100517
910 _tqv
_d20171130
942 _2ddc
_cBOOK
949 _a286.732 CA 4
_wDEWEY
_c1
_i62297
_d2016-8-15
_e2016-8-12
_f2017-2-15
_g1
_lCCODEBUL1
_mBUL
_n10
_p21.00
_r0
_sY
_tBOOK
_u2015-7-6
_xTEOLOGIA
_PP35
_o.STAFF. Colección Teología
949 _a286.732 CA 4
_wDEWEY
_c10
_i75610
_d2017-6-19
_e2017-6-16
_f2017-2-15
_g1
_lCCODEBUL1
_mBUL
_n8
_p23.00
_r0
_sY
_tBOOK
_u2017-2-2
_xTEOLOGIA
_PP35
_0COMPRA
_o.STAFF. Colección Teología
949 _a286.732 CA 4
_wDEWEY
_c11
_i75611
_d2017-6-12
_e2017-6-5
_f2017-2-15
_g1
_lCCODEBUL1
_mBUL
_n7
_p23.00
_r0
_sY
_tBOOK
_u2017-2-2
_xTEOLOGIA
_PP35
_0COMPRA
_o.STAFF. Colección Teología
949 _a286.732 CA 4
_wDEWEY
_c2
_i62298
_d2016-11-25
_e2016-11-24
_f2017-2-15
_g1
_lCCODEBUL1
_mBUL
_n19
_p21.00
_r0
_sY
_tBOOK
_u2015-7-6
_xTEOLOGIA
_PP35
_o.STAFF. Colección Teología
949 _a286.732 CA 4
_wDEWEY
_c3
_i62574
_d2016-11-20
_e2016-11-16
_f2017-2-15
_g1
_lCCODEBUL1
_mBUL
_n26
_p23.00
_r0
_sY
_tBOOK
_u2015-7-6
_xTEOLOGIA
_PP35
_0COMPRA
_o.STAFF. Colección Teología
949 _a286.732 CA 4
_wDEWEY
_c4
_i62575
_d2016-11-13
_e2016-11-9
_f2017-2-15
_g1
_lCCODEBUL1
_mBUL
_n21
_p23.00
_r0
_sY
_tBOOK
_u2015-7-6
_xTEOLOGIA
_PP35
_o.STAFF. Colección Teología
949 _a286.732 CA 4
_wDEWEY
_c6
_i61630
_d2016-11-10
_e2016-11-7
_f2017-2-15
_g1
_lCCODEBUL1
_mBUL
_n19
_r0
_sY
_tBOOK
_u2015-7-6
_xTEOLOGIA
_PP35
_0COMPRA
_o.STAFF. Colección Teología
949 _a286.732 CA 4
_wDEWEY
_c7
_i65731
_d2016-11-29
_e2016-11-25
_f2017-2-15
_g1
_lCCODEBUL1
_mBUL
_n29
_p31.00
_r0
_sY
_tBOOK
_u2015-7-6
_xTEOLOGIA
_PP35
_0COMPRA
_o.STAFF. Colección Teología
949 _a286.732 CA 4
_wDEWEY
_c8
_i62456
_d2016-11-14
_e2016-11-10
_f2017-2-15
_g1
_lCCODEBUL1
_mBUL
_n12
_p42.00
_r0
_sY
_tBOOK
_u2015-10-21
_xTEOLOGIA
_PP35
_0COMPRA
_o.STAFF. Colección Teología
949 _a286.732 CA 4
_wDEWEY
_c9
_i75609
_d2017-6-26
_e2017-6-21
_f2017-2-15
_g1
_lCCODEBUL1
_mBUL
_n5
_p23.00
_r0
_sY
_tBOOK
_u2017-2-2
_xTEOLOGIA
_PP35
_0COMPRA
_o.STAFF. Colección Teología
949 _aBS476.U534 S18
_wDEWEY
_c1
_i51653-1001
_lCIA
_mBWL
_p23.00
_r1
_sY
_tBOOK
_u2015-10-21
_xWHITE
_zUNKNOWN
_0COMPRA
_o.STAFF. Centro White
949 _aBS476.U534 S18
_wDEWEY
_c2
_iCW00039
_lCIA
_mBWL
_p23.00
_r1
_sY
_tBOOK
_u2017-3-7
_xWHITE
_zUNKNOWN
_0COMPRA
_o.STAFF. Centro White
949 _aBS476.U534 S18
_wDEWEY
_c3
_iCW00207
_lCIA
_mBWL
_p23.00
_r1
_sY
_tBOOK
_u2017-3-7
_xWHITE
_zUNKNOWN
_0COMPRA
_o.STAFF. Centro White
949 _aBS476.U534 S18
_wDEWEY
_c4
_iCW00208
_lCIA
_mBWL
_p23.00
_r1
_sY
_tBOOK
_u2017-3-7
_xWHITE
_zUNKNOWN
_0COMPRA
_o.STAFF. Centro White
949 _aBS476.U534 S18
_wDEWEY
_c5
_iCW00209
_lCIA
_mBWL
_p23.00
_r1
_sY
_tBOOK
_u2017-3-7
_xWHITE
_zUNKNOWN
_0COMPRA
_o.STAFF. Centro White
949 _aBS476.U534 S18
_wDEWEY
_c6
_iCW00210
_lCIA
_mBWL
_p23.00
_r0
_sY
_tBOOK
_u2017-3-7
_xWHITE
_zUNKNOWN
_0COMPRA
_o.STAFF. Centro White
949 _a286.732
_bE66 T4 2009
_wDEWEY
_c1
_iFJ09320
_lCCODEBUJ1
_mBUJ
_p25.00
_r0
_sY
_tBOOK
_u2017-11-30
_xBIBLIOTECA
_zUNKOWN
_0COMPRA
_o.STAFF. Colección General Juliaca
994 _aC0
_bPEPRU
596 _a1 3 4
999 _a286.732 CA 4
_wDEWEY
_c50815
_i62297
_d50815
_e2019-10-28
_f2021-11-11
_g6
_lCCODEBUL1
_mBUL
_n18
_p21.00
_q9
_r0
_sY
_tBOOK
_u2015-7-6
_xTEOLOGIA
_PP35
_0COMPRA
_o.STAFF. Colección Teología
999 _a286.732 CA 4
_wDEWEY
_c2
_i62298
_d2019-6-4
_e2018-5-29
_f2021-11-11
_g6
_lCCODEBUL1
_mBUL
_n22
_p21.00
_q5
_r0
_sY
_tBOOK
_u2015-7-6
_xTEOLOGIA
_PP35
_o.STAFF. Colección Teología
999 _a286.732 CA 4
_wDEWEY
_c3
_i62574
_d2019-6-5
_e2018-6-5
_f2021-11-11
_g5
_lCCODEBUL1
_mBUL
_n28
_p23.00
_q5
_r0
_sY
_tBOOK
_u2015-7-6
_xTEOLOGIA
_PP35
_0COMPRA
_o.STAFF. Colección General
999 _a286.732 CA 4
_wDEWEY
_c4
_i62575
_d2019-6-28
_e2018-5-15
_f2021-11-11
_g6
_lCCODEBUL1
_mBUL
_n25
_p23.00
_q8
_r0
_sY
_tBOOK
_u2015-7-6
_xTEOLOGIA
_PP35
_0COMPRA
_o.STAFF. Colección Teología
999 _a286.732 CA 4
_wDEWEY
_c6
_i61630
_d2019-6-12
_e2019-3-6
_f2021-11-11
_g6
_lCCODEBUL1
_mBUL
_n27
_p20.00
_q8
_r0
_sY
_tBOOK
_u2015-7-6
_xTEOLOGIA
_PP35
_0COMPRA
_o.STAFF. Colección General
999 _a286.732 CA 4
_wDEWEY
_c7
_i65731
_d2019-11-11
_e2019-11-5
_f2021-11-11
_g6
_lCCODEBUL1
_mBUL
_n33
_p31.00
_q4
_r0
_sY
_tBOOK
_u2015-7-6
_xTEOLOGIA
_PP35
_0COMPRA
_o.STAFF. Colección Teología
999 _a286.732 CA 4
_wDEWEY
_c8
_i62456
_d2019-5-22
_e2018-5-22
_f2021-11-11
_g6
_lCCODEBUL1
_mBUL
_n16
_p42.00
_q7
_r0
_sY
_tBOOK
_u2015-10-21
_xTEOLOGIA
_PP35
_0COMPRA
_o.STAFF. Colección Teología
999 _a286.732 CA 4
_wDEWEY
_c9
_i75609
_d2019-6-17
_e2019-4-2
_f2021-11-11
_g6
_lCCODEBUL1
_mBUL
_n15
_p23.00
_q22
_r0
_sY
_tBOOK
_u2017-2-2
_xTEOLOGIA
_PP35
_0COMPRA
_o.STAFF. Colección Teología
999 _a286.732 CA 4
_wDEWEY
_c10
_i75610
_d2019-6-10
_e2019-3-21
_f2021-11-11
_g6
_lCCODEBUL1
_mBUL
_n17
_p23.00
_q9
_r0
_sY
_tBOOK
_u2017-2-2
_xTEOLOGIA
_PP35
_0COMPRA
_o.STAFF. Colección Teología
999 _a286.732 CA 4
_wDEWEY
_c11
_i75611
_d2019-10-2
_e2019-10-1
_f2021-11-11
_g6
_lCCODEBUL1
_mBUL
_n25
_p23.00
_q17
_r0
_sY
_tBOOK
_u2017-2-2
_xTEOLOGIA
_PP35
_0COMPRA
_o.STAFF. Colección Teología
999 _aBS476.U534 S18
_wDEWEY
_c3
_iCW00207
_lCCODECWL1
_mBUL
_p23.00
_r1
_sY
_tBOOK
_u2017-3-7
_xWHITE
_zUNKNOWN
_0COMPRA
_o.STAFF. Centro White
999 _aBS476.U534 S18
_wDEWEY
_c6
_iCW00210
_lCCODECWL1
_mBUL
_p23.00
_r0
_sY
_tBOOK
_u2017-3-7
_xWHITE
_zUNKNOWN
_0COMPRA
_o.STAFF. Centro White
999 _a286.73205 CA 4 2009
_wDEWEY
_c1
_iCW51653
_f2021-12-22
_g2
_lCCODECWL1
_mBWL
_p23.00
_r1
_sY
_tBOOK
_u2015-10-21
_xWHITE
_zUNKNOWN
_0COMPRA
_o.STAFF. Centro White
999 _a286.73205 CA 4 2009
_wDEWEY
_c2
_iCW00209
_f2021-12-22
_g2
_lCCODECWL1
_mBWL
_p23.00
_r1
_sY
_tBOOK
_u2017-3-7
_xWHITE
_zUNKNOWN
_0COMPRA
_o.STAFF. Centro White
999 _a286.73205 CA 4 2009
_wDEWEY
_c3
_iCW00208
_f2021-12-22
_g2
_lCCODECWL1
_mBWL
_p23.00
_r1
_sY
_tBOOK
_u2017-3-7
_xWHITE
_zUNKNOWN
_0COMPRA
_o.STAFF. Centro White
999 _a286.732 E66 T4 2009
_wDEWEY
_c1
_iFJ09320
_d2019-11-13
_e2019-4-1
_f2022-2-4
_g4
_lCCODEBUJ1
_mBUJ
_n1
_p25.00
_q5
_r0
_sY
_tBOOK
_u2017-11-30
_xBIBLIOTECA
_zUNKNOWN
_0COMPRA
_o.STAFF. Colección General Juliaca
980 _81
_gALBERTO SANCHEZ Responsable de Automatización